[Event "EU-ch 4th"]
[Site "Istanbul"]
[Date "2003.06.05"]
[Round "6"]
[White "Galkin, Alexander"]
[Black "Korobov, Anton"]
[Result "1/2-1/2"]
[WhiteElo "2591"]
[BlackElo "2513"]
[Annotator "Hecht,H"]
[PlyCount "80"]
[EventDate "2003.05.30"]
[EventType "swiss"]
[EventRounds "13"]
[EventCountry "TUR"]
[SourceTitle "CBM 096"]
[Source "ChessBase"]
[SourceDate "2003.09.25"]
[SourceVersion "1"]
[SourceVersionDate "2003.09.25"]
[SourceQuality "1"]

1. e4 c5 2. Nf3 d6 3. d4 cxd4 4. Nxd4 Nf6 5. Nc3 a6 6. Be2 e6 7. f4 Be7 8. O-O
O-O 9. a4 Qc7 10. Be3 Nc6 11. Kh1 Bd7 12. Nb3 Nb4 13. Bf3 e5 14. Rf2 Rfe8 15.
Rd2 Rac8 16. a5 Be6 17. Ra4 Bxb3 18. cxb3 Nc6 19. Nd5 Nxd5 20. Rxd5 exf4 21.
Bb6 Qb8 22. Bg4 g5 23. Rc4 Ne5 24. Rxc8 Rxc8 25. Bxc8 Qxc8 26. Bd4 f6 27. Bxe5
fxe5 28. h3 {[#] Auf Dauer muß die weiße Stellung gewonnen sein. Weiß sollte
auf b3-b4-b5 hinarbeiten.} Kg7 29. Kh2 Qe6 30. Qh5 Qc8 31. Qd1 Qe6 32. Qg4 (32.
b4 $142 Qg6 33. Qe2 h5 34. b5 (34. Qc4 $5 g4 35. Rd3) 34... g4 35. bxa6 bxa6
36. Kh1 {oder Td3 mit noch immer ausbaufähigem Vorteil}) 32... Qg6 33. Qd7 Kf7
34. Rd3 Qxe4 35. Rxd6 f3 $1 36. Re6 Qb4 37. gxf3 (37. Qd5 $142 Qd4 38. Rxe5+
Qxd5 39. Rxd5 Ke6 40. Rd1 {mit Gewinnperspektiven}) 37... Qc5 $1 $11 {
Dauerschach bzw. Zugwiederholung} 38. Kg2 Qc2+ 39. Kg3 Qc5 40. Kg2 Qc2+ 1/2-1/2

[Event "St Petersburg-ch"]
[Site "St Petersburg"]
[Date "1998.04.08"]
[Round "2"]
[White "Shaposhnikov, Evgeny"]
[Black "Yemelin, Vasily"]
[Result "1/2-1/2"]
[WhiteElo "2415"]
[BlackElo "2485"]
[Annotator "Hecht,H"]
[PlyCount "92"]
[EventDate "1998.04.07"]
[EventType "tourn"]
[EventRounds "13"]
[EventCountry "RUS"]
[EventCategory "10"]
[SourceTitle "CBM 065"]
[Source "ChessBase"]
[SourceDate "1998.08.06"]
[SourceVersion "1"]
[SourceVersionDate "1998.08.06"]
[SourceQuality "1"]

1. e4 c5 2. Nf3 e6 3. d4 cxd4 4. Nxd4 Nc6 5. Nc3 Qc7 6. Be2 Nf6 7. O-O Be7 8.
Be3 O-O 9. f4 d6 10. Qe1 a6 11. Qg3 Nxd4 12. Bxd4 b5 13. a3 Bb7 14. Kh1 Bc6 15.
Bd3 Rad8 16. e5 dxe5 17. Bxe5 Qb7 18. Rae1 g6 19. Qh3 Nd7 20. Ne4 Nxe5 21. fxe5
Bxe4 22. Rxe4 Rd7 23. Qh6 Qa8 24. Re3 f5 25. exf6 Rxf6 26. Rxf6 Bxf6 27. Qh3
Kg7 28. Rxe6 Qc8 29. Rxa6 Re7 30. Ra7 Qxh3 31. Rxe7+ Kf8 32. gxh3 Kxe7 {
[#] To be sure, White succeeds in establishing connected passed pawns. But
these are immediately forced onto the color of White's own bishop and
lastingly blockaded there. The remaining pawns on the kingside can then be
defended by the bishop. [#] Zwar gelingt es Weiß, verbundene Freibauern zu
etablieren. Doch werden diese sofort auf die Farbe des eigenen Läufers
gezwungen und dort dauerhaft blockiert. Den letzten Bauern am Königsflügel
verteidigt dann der Läufer.} 33. c3 Bg5 34. Bxb5 Bc1 35. b4 (35. a4 Bxb2 36. c4
Bc3 37. c5 Bb4 38. c6 Kd6 {is no better. ist nicht besser}) 35... Bxa3 36. Bd3
Bb2 37. c4 Ba3 38. b5 Kd6 39. Kg2 Bb2 40. h4 Kc5 41. Kf3 Bf6 42. Kg4 h6 {
easiest and safest. am einfachsten und sichersten.} (42... h5+ 43. Kf4 Bxh4 44.
Bxg6 Bd8 (44... Kxc4 45. b6 Bd8 46. b7 Bc7+ $11 {even this works sogar das geht
}) 45. Bxh5 Bc7+ $11) 43. h3 Bb2 44. Bxg6 Bc1 45. Kf5 Be3 46. Ke4 {The last
White moves are for show, since Black among other things can always play ...
Kb6 and control c5 with the bishop, so that every White attempt to encircle
via b7 or a4 disappears. Die letzten weißen Züge sind für die Katz', da
Schwarz neben anderen Möglichkeiten jederzeit Kb6 und der weiteren Kontrolle
von c5 durch den Läufer spielen könnte, so daß jeder weißer Umgehungsversuch
via b7 oder a4 verpufft.} Bc1 1/2-1/2

[Event "CRO-ch"]
[Site "Slavonski Brod"]
[Date "1995.??.??"]
[Round "?"]
[White "Zelcic, Robert"]
[Black "Hulak, Krunoslav"]
[Result "0-1"]
[WhiteElo "2500"]
[BlackElo "2545"]
[Annotator "Hecht,H"]
[PlyCount "122"]
[EventDate "1995.02.??"]
[EventType "tourn"]
[EventRounds "13"]
[EventCountry "CRO"]
[EventCategory "10"]
[SourceTitle "CBM 048"]
[Source "ChessBase"]
[SourceDate "1995.10.01"]
[SourceVersion "1"]
[SourceVersionDate "1995.10.01"]
[SourceQuality "1"]

1. e4 c5 2. Nf3 e6 3. d4 cxd4 4. Nxd4 Nf6 5. Nc3 d6 6. Be2 Be7 7. O-O a6 8. a4
O-O 9. f4 Qc7 10. Kh1 Nc6 11. Be3 Rd8 12. Bd3 Nd7 13. Qh5 Nb4 14. a5 Nc5 15. f5
Bf6 16. fxe6 Ncxd3 17. Ndb5 Qe7 18. Nc7 Bxe6 19. Nxe6 Qxe6 20. cxd3 Bxc3 21.
bxc3 Nxd3 22. Bd4 Re8 23. Rf3 Ne5 24. Rh3 Qg6 25. Qh4 h6 26. Rb1 d5 27. Re1
dxe4 28. Rxe4 Nd3 29. Ree3 Rxe3 30. Rxe3 Nf4 31. Qf2 Ne6 32. h3 Rd8 33. Rg3
Qb1+ 34. Kh2 Rd5 35. Qd2 Rg5 36. Bf2 Qb5 37. Rxg5 hxg5 {Q+B - Q+N Bauern auf
beiden Flügeln, schwarzer Mehr-P, Weiße P-Schwächen, Angriff mit Q+N, Zugzwang!
} 38. Bb6 Qe5+ 39. Kh1 Qe4 40. Qd7 Qc6 41. Qd2 Qb5 42. Kg1 Nf4 43. c4 Qb1+ 44.
Kh2 Qd3 45. Qa2 Kh7 46. Qf2 Qxc4 47. g3 Ng6 48. Qf5 Qe2+ 49. Kg1 Qe5 50. Qd3
Qe6 51. Kh2 f5 52. Qf3 Ne5 53. Qh5+ Kg8 54. Kg2 g4 55. hxg4 Nxg4 56. Qh4 Qe2+
57. Kg1 Ne5 58. Qd8+ Kh7 59. Bf2 Ng4 60. Qh4+ Kg6 61. Bb6 Qf3 $1 (61... Qf3 $1
{Zugzwang} 62. Qh3 (62. Ba7 Qd1+ 63. Kg2 Qd2+ 64. Kg1 Qxa5) 62... f4 63. Qg2
Qd1+ 64. Qf1 Qxf1+ 65. Kxf1 f3 $19) 0-1

[Event "Ordzhonikidze zt 1.9"]
[Site "Ordzhonikidze"]
[Date "2000.06.14"]
[Round "6"]
[White "Moroz, Alexander"]
[Black "Savchenko, Stanislav"]
[Result "1-0"]
[WhiteElo "2513"]
[BlackElo "2574"]
[Annotator "Hecht,H"]
[PlyCount "149"]
[EventDate "2000.06.09"]
[EventType "swiss"]
[EventRounds "9"]
[EventCountry "UKR"]
[SourceTitle "CBM 078"]
[Source "ChessBase"]
[SourceDate "2000.10.18"]
[SourceVersion "1"]
[SourceVersionDate "2000.10.18"]
[SourceQuality "1"]

1. e4 c5 2. Nf3 d6 3. d4 cxd4 4. Nxd4 Nf6 5. Nc3 a6 6. Be2 e6 7. O-O Be7 8. f4
Qc7 9. a4 Nc6 10. Be3 O-O 11. Kh1 Re8 12. a5 Nxa5 13. e5 dxe5 14. fxe5 Qxe5 15.
Bf4 Qc5 16. Na4 Qa7 17. Bc7 b5 18. Nb6 Qxc7 19. Nxa8 Qd8 20. Rxa5 Bb7 21. Bf3
Nd5 22. Qa1 Bd6 23. Rxa6 Be5 24. Bxd5 Qxd5 25. Nf3 Bxa6 26. Nb6 Qb7 27. Nxe5
Qxb6 28. Rxf7 Qd4 29. Qe1 Rd8 30. Rf1 Bb7 31. Qg3 Be4 32. h3 Qd5 33. Rf2 Bf5
34. Kh2 h6 35. c3 Ra8 36. Nf3 Qe4 37. Nd4 b4 38. Re2 Qd5 39. Re5 Qd7 40. Nxf5
exf5 41. cxb4 Qd4 42. Qb3+ Kh7 43. Rxf5 Qd6+ 44. Qg3 Qxb4 45. b3 Qd4 46. Rf4
Qd5 47. b4 Ra1 48. Rg4 Ra7 49. Qe3 Qd6+ 50. Qg3 Qd5 51. Qf4 Rf7 52. Qd4 Qxd4
53. Rxd4 {[#] Die Seitendeckung des Freibauern durch den Turm ermöglicht Weiß
den sofortigen Einsatz seines Königs.} Rf2 54. Kg3 Rb2 55. Kf3 Kg6 56. Ke4 Rxg2
57. Kd5 Rb2 (57... Kf6 58. b5 Rb2 59. Kc5 Rb3 60. b6 Ke5 61. Rb4 Rc3+ 62. Rc4
Rb3 63. Kc6 g5 64. b7 Rxb7 65. Kxb7 h5 66. Kc6 Kf5 67. Kd5 g4 68. hxg4+ hxg4
69. Rc8 Kf4 70. Kd4 Kf3 71. Kd3 g3 72. Rf8+ $18) 58. Kc5 Kf5 59. b5 Ke5 (59...
g5 60. b6 h5 61. Rb4 Rc2+ 62. Kd6 Rc8 63. b7 Rb8 64. Kc7 Rxb7+ 65. Kxb7 g4 66.
Rb5+ Kf4 67. Rxh5 g3 68. Rh7 g2 69. Rg7 Kf3 70. h4 $18) 60. Rc4 g5 61. b6 h5
62. Kc6 g4 63. hxg4 h4 64. Rc5+ $1 (64. b7 h3 65. Rc5+ Kf6 66. Kc7 h2 67. Rc1
Kg5 $11 68. Rh1 Rc2+ $11) 64... Kf4 65. Rb5 Rc2+ 66. Kd7 Rd2+ 67. Ke7 Re2+ 68.
Kf7 Rd2 69. b7 Rd8 70. g5 h3 71. g6 h2 72. Rh5 Rd7+ (72... Kg3 73. g7 Rd7+ 74.
Ke8 $18 {da beide Bauern mit Schach einziehen können.}) 73. Kf8 Rxb7 74. Rxh2
Kf5 75. g7 (75. g7 Rb8+ (75... Kf6 76. Rf2+ $18) 76. Kf7 Rb7+ 77. Kg8 Kg6 78.
Kh8 Rxg7 79. Rg2+ $18) 1-0

[Event "Linares Anibal op 08th"]
[Site "Linares"]
[Date "2001.01.11"]
[Round "4"]
[White "Perez Garcia, Rodney Oscar"]
[Black "Kobalia, Mihail"]
[Result "0-1"]
[WhiteElo "2492"]
[BlackElo "2581"]
[Annotator "Hecht,H"]
[PlyCount "130"]
[EventDate "2001.01.08"]
[EventType "swiss"]
[EventRounds "11"]
[EventCountry "ESP"]
[SourceTitle "CBM 081"]
[Source "ChessBase"]
[SourceDate "2001.03.20"]
[SourceVersion "1"]
[SourceVersionDate "2001.03.20"]
[SourceQuality "1"]

1. e4 c5 2. Nf3 e6 3. Nc3 a6 4. d4 cxd4 5. Nxd4 Qc7 6. Be2 Nc6 7. O-O Nf6 8.
Be3 Be7 9. f4 d6 10. Qe1 O-O 11. Qg3 Nxd4 12. Bxd4 b5 13. a3 Bb7 14. Kh1 Bc6
15. Rae1 Rae8 16. Bf3 Rd8 17. Re2 Ba8 18. Nd1 d5 19. Be5 Qc5 20. exd5 Bxd5 21.
Bxd5 Qxd5 22. Ne3 Qc5 23. Ng4 Nxg4 24. Qxg4 g6 25. Rfe1 Rd5 26. Bc3 Qc6 27. Qf3
Rc8 28. Re3 Qd7 29. h3 Bf8 30. Re5 Rxe5 31. Rxe5 Rd8 32. Re3 Qd1+ 33. Qxd1
Rxd1+ 34. Re1 Rd5 35. g3 h5 36. h4 Bc5 37. Kg2 Kf8 38. Re5 Ke8 39. Rxd5 exd5 {
[#] Der "schlechte" Läufer. Passives Verharren (Zug 57) mit meiner Bewertung 
(=) ist näher zu untersuchen.} 40. Kf3 Kd7 41. Bd2 Ke6 42. Be1 Be7 43. Bd2 Bd6
44. Bc3 Bc5 45. Bd2 Be7 46. Be1 Kd7 47. Bc3 Bd6 48. Bd2 Kc6 49. Ba5 Be7 50. Bc3
Bc5 51. f5 $5 Bd6 52. fxg6 fxg6 53. Bf6 a5 54. g4 a4 55. gxh5 gxh5 56. Ke3 Bg3
57. Kd4 $5 (57. Kf3 $142 $11 {Passives Verharren!}) 57... Kd6 58. Kd3 (58. Kc3
$5 Ke6 59. Bg5 Be1+ (59... Be5+ 60. Kb4 Bxb2 61. Kxb5 Bxa3 62. Kxa4 Bc5 63. Kb5
Bf2 64. Kc6 $11) 60. Kd4 Bf2+ 61. Kc3 Bc5 {[%cal Re6f5,Rf5g4]} 62. Kd3 Kf5 63.
Kc3 Kg4 64. Bf6 Bf2 65. Kb4 Bxh4 66. Bc3 Bg3 67. Bf6 Bf4 68. Kxb5 Bg5 69. Be5
h4 70. Kxa4 Bf4 71. Bd4 h3 72. Bg1 Kf3 73. b4 Kg2 $19) 58... Ke6 59. Bg5 Be1
60. Kd4 Bf2+ 61. Kd3 (61. Kc3 Bc5) 61... Kf5 62. b3 Kg4 63. bxa4 bxa4 64. c4
dxc4+ 65. Kxc4 Bxh4 0-1

[Event "RUS-ch"]
[Site "Krasnodar"]
[Date "2002.08.30"]
[Round "4"]
[White "Timofeev, Artyom"]
[Black "Smirnov, Pavel"]
[Result "1/2-1/2"]
[WhiteElo "2558"]
[BlackElo "2539"]
[Annotator "Hecht,H"]
[PlyCount "131"]
[EventDate "2002.08.27"]
[EventType "swiss"]
[EventRounds "9"]
[EventCountry "RUS"]
[SourceTitle "CBM 091"]
[Source "ChessBase"]
[SourceDate "2002.11.12"]
[SourceVersion "1"]
[SourceVersionDate "2002.11.12"]
[SourceQuality "1"]

1. e4 c5 2. Nf3 d6 3. d4 cxd4 4. Nxd4 Nf6 5. Nc3 a6 6. a4 Nc6 7. Be2 e6 8. O-O
Be7 9. Be3 O-O 10. f4 Qc7 11. Qd2 Na5 12. Qd3 Bd7 13. Rad1 Rac8 14. Kh1 e5 15.
Nf5 Bxf5 16. exf5 Nc4 17. Bc1 Qc5 18. g4 exf4 19. Rxf4 Ne5 20. Qg3 Qc6+ 21. Qg2
h6 22. Rb4 Rc7 23. Be3 Qxg2+ 24. Kxg2 d5 25. Rf4 Bc5 26. Bxc5 Rxc5 27. h4 Nc4
28. Bxc4 dxc4 29. g5 Nh5 30. Rf2 hxg5 31. hxg5 Re8 32. Kh3 g6 33. Kh4 Rce5 34.
fxg6 fxg6 35. Rd6 Kg7 36. Rd7+ Kg8 37. Rd6 Kg7 38. Rd7+ Kg8 39. Rxb7 Re1 40.
Nd5 Rh1+ 41. Kg4 Rg1+ 42. Kh3 Rxg5 43. Ne7+ Kh8 44. Kh4 Rg1 45. Nxg6+ Rxg6 46.
Kxh5 Reg8 47. Rb8 Rg5+ 48. Kh4 Rg4+ 49. Kh3 Rg3+ 50. Kh2 Rxb8 51. Kxg3 Rxb2 52.
Kf4 Rb4 53. a5 Ra4 54. Ke4 Rxa5 55. Kd4 Ra4 56. Rg2 Kh7 57. c3 Kh6 58. Kd5 Kh5
59. Rg8 Kh4 60. Rc8 Kg5 61. Rxc4 Rxc4 62. Kxc4 Kf6 63. Kc5 Ke7 64. Kb6 {
[#] In denkbar einfacher Position erfolgt nun ein erstaunlicher "Doppelfehler".
} a5 $4 (64... Kd7 65. c4 a5 $11 (65... Kc8 66. Kxa6 Kc7 67. Kb5 Kb7 $11)) (
64... Kd6 {oder} 65. c4 Kd7 $11 66. c5 Kc8 $11) 65. Kb5 $4 (65. Kxa5 Kd6 66.
Kb5 Kc7 67. Kc5 $18) 65... Kd6 66. Kxa5 1/2-1/2

[Event "Leeuwarden op"]
[Site "Leeuwarden"]
[Date "1995.??.??"]
[Round "8"]
[White "Liss, Eran"]
[Black "Hjartarson, Johann"]
[Result "0-1"]
[WhiteElo "2480"]
[BlackElo "2570"]
[Annotator "Hjartarson,J"]
[PlyCount "90"]
[EventDate "1995.08.??"]
[EventType "swiss"]
[EventRounds "9"]
[EventCountry "NED"]
[SourceTitle "CBM 048"]
[Source "ChessBase"]
[SourceDate "1995.10.01"]
[SourceVersion "1"]
[SourceVersionDate "1995.10.01"]
[SourceQuality "1"]

1. e4 c5 2. Nf3 e6 3. d4 cxd4 4. Nxd4 Nc6 5. Nc3 a6 6. Be2 d6 7. Be3 Nf6 8. O-O
Be7 9. f4 O-O 10. Qe1 Qc7 11. Qg3 Bd7 12. Kh1 (12. e5 $5) 12... Kh8 13. Rae1 (
13. Rad1 Rac8 14. Nf3 Nb4 15. Ne1 b5 16. a3 Nc6 17. e5 $13 {Ivanchuk-Karpov/
Buenos Aires/1994/Inf62/273}) 13... Rac8 (13... b5 14. a3 Rab8 15. Nf3 b4 16.
axb4 Nxb4 17. Bd1 d5 18. exd5 Nfxd5 19. Bd4 $14 {Ivanovic-Cabrilo/JUG-ch/1989})
14. Nxc6 (14. Bd3 Nb4 $13) (14. Nf3 $5) 14... Bxc6 15. Bd4 b5 16. a3 (16. e5 $6
dxe5 17. fxe5 Ne4 18. Nxe4 Bxe4 $15) 16... Qb7 17. b4 $2 (17. e5 dxe5 18. Bxe5
Rg8 19. Bd3 Nd7 $1 20. Qh3 (20. Bxh7 $2 Bxg2+ 21. Qxg2 Qxg2+ 22. Kxg2 Kxh7 $17)
20... f5 21. Bd4 Bf6 $1 (21... Bc5 $6 22. Ne2 Bd5 23. Bc3 $14) 22. Bf2 (22.
Bxf6 $2 gxf6 $1 $40) 22... Rge8 $15) (17. Bd3 b4 18. axb4 Qxb4 19. Ne2 Qb7 (
19... Bb5 20. Bc3 Qc5 21. Nd4 $14) 20. Nc3 Qb4 $10) 17... Bxe4 $8 18. Nxe4 Qxe4
19. c3 Qd5 (19... Qf5 $5 20. Bd3 Qg4 $15) 20. Bd3 Kg8 (20... Rg8 $5) 21. Rf3
Rfe8 22. Qh4 Qh5 $17 23. Qf2 g6 (23... Ng4 $5 24. Qg1 Bf6 $1 25. Rh3 Bxd4 26.
Qxd4 Qd5 27. Bxh7+ Kf8 $17 {Liss}) 24. Rh3 Qd5 25. Qh4 Nh5 26. Qf2 Bf6 27. Be4
Qc4 28. Bd3 Qc7 29. Bb6 $2 $138 (29. g4 $1 Bxd4 30. cxd4 (30. Qxd4 e5 $19)
30... Nf6 31. Qh4 Qc6+ $1 32. Kg1 Qc3 $17) 29... Qb7 30. Be4 d5 31. Bb1 Rxc3
$19 32. Rxh5 gxh5 33. f5 e5 34. Bd4 Rc4 35. Bc5 Rg4 $138 (35... Kh8 $19) 36.
Qf3 Kh8 37. h3 Rg5 38. Be3 Rg7 39. Bh6 Rgg8 40. Qxh5 e4 41. Bf4 Qe7 42. Ba2 Bg5
43. Bh2 Rd8 44. Rd1 Bf6 45. Bxd5 Rg5 0-1

[Event "Bad Kissingen"]
[Site "Bad Kissingen"]
[Date "1980.02.01"]
[Round "3"]
[White "Karpov, Anatoly"]
[Black "Huebner, Robert"]
[Result "1-0"]
[WhiteElo "2725"]
[BlackElo "2600"]
[Annotator "Huebner,R"]
[PlyCount "65"]
[EventDate "1980.01.29"]
[EventType "tourn"]
[EventRounds "6"]
[EventCountry "GER"]
[EventCategory "15"]
[SourceTitle "CBM 050"]
[Source "ChessBase"]
[SourceDate "1996.02.01"]
[SourceVersion "1"]
[SourceVersionDate "1996.02.01"]
[SourceQuality "1"]

1. e4 {Karpov} c5 2. Nf3 d6 3. d4 cxd4 4. Nxd4 Nf6 5. Nc3 a6 6. Be2 e6 7. O-O
Be7 8. f4 O-O 9. Kh1 Nc6 10. Be3 Bd7 11. Qe1 Nxd4 12. Bxd4 Bc6 13. Qg3 b5 14.
a3 g6 15. Bf3 Qd7 16. Rad1 Qb7 17. f5 e5 18. Be3 b4 19. axb4 Qxb4 20. Bg5 Qxb2
21. Rd3 Qxc2 22. Bd1 Qb2 23. Bxf6 Bxf6 24. Rxd6 Bb5 25. Rf2 Qc1 (25... Qa1 $142
26. fxg6 (26. Ra2 Qc1 27. Rc2 (27. fxg6 fxg6 28. Nxb5 Be7 {Weiß hat Probleme 
gewährt Schwarz ausreichendes Gegenpiel.} (28... axb5 $2 29. Rxa8 Rxa8 30. Qb3+
Kg7 31. Rd7+ Kh6 32. Qh3+ Kg5 33. Qg4+ Kh6 34. g3 $18)) (27. Rxf6 Rad8 28. h3
Rd3 {Schwarz hat keine Sorgen.}) 27... Qg5 $17) (26. Rxf6 Rac8 (26... Rad8 27.
fxg6 Rxd1+ (27... hxg6 28. h4 Rxd1+ (28... Rd3 29. Qxg6+ fxg6 30. Rxf8+ Kg7 31.
R2f7+ Kh6 32. Rh8#) (28... Ba4 29. Rf1 Bxd1 30. Nd5 $40 {+-}) 29. Nxd1 Qxd1+
30. Kh2 $18 {[%cal Rg3e5,Rf6g6] /\31.Tg6,31. De5}) 28. Nxd1 Qxd1+ 29. Rf1 Bxf1
30. gxf7+ Kh8 31. Qxe5 {DIAGRAMM 1} Bxg2+ 32. Kxg2 Qg4+ 33. Kf2 Qg7 34. h4 {
[%cal Yh4h6] /\h6 +-}) 27. fxg6 Qxc3 {DIAGRAMM 2 Die richtige Fortsetzung!} (
27... hxg6 28. Rxf7 Rxf7 29. Qxg6+ Rg7 30. Qe6+ $18) (27... Rxc3 28. gxf7+ Kh8
29. Qxe5 Rc1 30. Rb2 Rc5 31. Qxc5 Qxd1+ 32. Qg1 $18) 28. gxf7+ (28. gxh7+ Kh8)
28... Kh8 29. Qxc3 (29. R2f3 $2 Qd4 $19) 29... Rxc3 {Schwarz gewinnt
problemlos den Bauern f7 und steht eher etwas besser.}) 26... fxg6 (26... Bg7
27. gxf7+ {Karpov} Rxf7 (27... Kh8 28. h4 {Der Bauer f7 stranguliert Schwarz,
er hat keine Rettungsaussichten.}) 28. Rxf7 Kxf7 29. Nxb5 axb5 30. Rd7+ $18)
27. Rfxf6 (27. Nxb5 axb5 28. Qb3+ Kg7 29. Rd7+ Kh8 30. Qh3 Bg7 {bringt Weiß
keinen Erfolg}) (27. Ra2 Qc1 (27... Bg7 {/\28... Dc1 ausreichend für Schwarz.})
(27... Be7 28. Rxg6+ hxg6 29. Qxg6+ Kh8 $10) 28. Nxb5 Bg7 {gewährt Schwarz
ausreichendes Gegenpiel.} (28... axb5 $2 29. Rxa8 Rxa8 30. Qb3+ $18)) 27...
Rxf6 28. Rxf6 {DIAGRAMM 3} Rd8 (28... Rc8 29. Rxg6+ hxg6 30. Qxg6+ Kh8 (30...
Kf8 31. Qf5+ $18) 31. Qh5+ Kg8 32. Qg4+ $18) 29. h4 (29. Rxg6+ hxg6 30. Qxg6+
Kf8 31. Qf6+ Ke8 32. Qxe5+ Kd7 {Dies ist nicht gewinnverheißend für Weiß.})
29... Rd3 {DIAGRAMM 4} (29... Rxd1+ 30. Nxd1 Qxd1+ 31. Kh2 {Weiß wird bald
entscheidenden Angriff erlangen.}) (29... Be2 30. Kh2 Bxd1 31. Rf1 $18 {
[%cal Rg3e1,Rg3e5] /\32.De1, 32.De5}) 30. Qf2 (30. Qxe5 Rxd1+ 31. Kh2 Rh1+ 32.
Kg3 Qe1+ 33. Rf2 Qe3+ 34. Rf3 Qe1+ $10) (30. Rxg6+ hxg6 31. Qxg6+ Kf8 $10) (30.
Qg4 Bd7 $10) (30. Qg5 Qxc3 (30... Rxc3 31. Rd6 Rc8 32. h5 {Schwarz ist großen
Gefahren ausgesetzt.}) 31. Bh5 Be8 (31... Qd2 32. Rxg6+ hxg6 33. Qxg6+ Kh8 34.
Qf6+ {Schwarz wird mattgesetzt.} Kh7 $145 35. Bg6+ Kh6 36. Bf5+ Kh5 37. g4#) (
31... Qe1+ 32. Kh2 Qxe4 33. Bxg6 $18) 32. Kh2 Qd4 $10) 30... Qxc3 (30... Rxc3
31. Rf8+ Kg7 32. Qf6+ Kh6 33. Qg5+ Kg7 34. Qe7+ Kh6 35. Kh2 $18 {[%cal Rf8f7,
Rf8h8] /\36.Tf7, 36.Th8} (35. Rf7 Rh3+)) 31. Bg4 $18 {DIAGRAMM 5} Qa3 (31...
Bc4 32. Rc6 $18) (31... Qd2 32. Be6+ Kg7 33. Rxg6+ hxg6 34. Qf7+ Kh6 35. Qf8+
Kh5 36. Qh8+ Qh6 37. g4+ $18) (31... Qc1+ 32. Kh2 Qd2 33. Be6+ Kg7 34. Rxg6+
Kxg6 35. Qf7+ Kh6 36. Qf6+ Kh5 37. Bf7+ Kg4 38. Qf5+ Kxh4 39. Qh5#) (31... Rd8
32. Be6+ Kg7 33. Rf7+ Kh6 34. Kh2 Qc1 35. g4 $18) (31... Qb4 32. Be6+ Kg7 33.
Rf7+ Kh6 34. g4 $18) 32. Be6+ Kg7 33. Rf7+ Kh6 34. Qa7 $18) 26. Rxf6 Rac8 27.
Rc2 Qa1 28. fxg6 $2 (28. Rd6 $18 Rfd8 (28... Rc5 29. h4 Rfc8 30. fxg6 hxg6 (
30... Rxc3 31. gxf7+ Kf8 32. Qg8+ Ke7 33. f8=Q+ Rxf8 34. Qe6#) 31. Rxg6+ fxg6
32. Qxg6+ Kh8 33. Qh6+ Kg8 34. Rc1 Qxc1 (34... Qa3 35. Bg4 Re8 36. Be6+ Rxe6
37. Qxe6+ {[%cal Rc1d1] /\38.Td1+-}) 35. Qxc1 Rxc3 36. Qg5+ {[%cal Rd1g4] /
\Lg4+-}) (28... Rc7 29. Qxe5 Rfc8 30. fxg6 hxg6 31. Qd5 {Partie}) 29. Qxe5 Rxd6
30. Qxd6 Rxc3 31. Qd8+ Kg7 32. Qd4+ $18) 28... hxg6 (28... Rxc3 29. gxf7+ Kh8
30. Qxe5 Qxd1+ (30... Re3 31. Qxa1 Re1+ 32. Rf1#) (30... Ra3 31. Rb2) 31. Rf1#
{Karpov}) 29. Rd6 Rc7 $2 (29... Ba4 30. Ra2 $18) (29... Rc5 30. h4 Kg7 31. Kh2
$18) (29... Rfd8 30. Qxe5 (30. Qg4 Rxd6 31. Qxc8+ Kg7 {Schwarz hat nichts zu
befürchten.} 32. h3 Rxd1+ (32... Ba4 $5) 33. Nxd1 Qxd1+ 34. Kh2 Qd3 {Weiß
verliert den Bauern e4.}) (30. Rxd8+ Rxd8 31. Qe1 Rd3 $19 {/\32... La4} 32. h3
Ba4 33. Ra2 Qxa2) 30... Rxd6 31. Qxd6 Rxc3 (31... Ba4 $2 32. Rd2 Rxc3 33. Qe5
$18) 32. Qd4 Bd3 (32... Ra3 33. Rc8+ Kh7 34. Rh8# {Karpov}) (32... Re3 33. Rc8+
Kh7 34. Rh8#) 33. Rxc3 Qxd1+ 34. Qg1 Qxg1+ 35. Kxg1 Bxe4 $10) 30. Qxe5 Rfc8 31.
Qd5 Kg7 32. Qd4+ Kh7 33. Nxb5 1-0

[Event "Enghien les Bains 2nd"]
[Site "Enghien les Bains"]
[Date "1997.03.18"]
[Round "5"]
[White "Nataf, Igor Alexandre"]
[Black "Bacrot, Etienne"]
[Result "1/2-1/2"]
[WhiteElo "2410"]
[BlackElo "2500"]
[Annotator "Jacoby,G"]
[PlyCount "120"]
[EventDate "1997.03.14"]
[EventType "tourn"]
[EventRounds "9"]
[EventCountry "FRA"]
[EventCategory "10"]
[SourceTitle "CBM 058"]
[Source "ChessBase"]
[SourceDate "1997.06.01"]
[SourceVersion "1"]
[SourceVersionDate "1997.06.01"]
[SourceQuality "1"]

1. e4 c5 2. Nf3 e6 3. d4 cxd4 4. Nxd4 Nc6 5. Nc3 Qc7 6. Be2 a6 7. O-O Nf6 8.
Kh1 d6 9. f4 Be7 10. Be3 O-O 11. a4 Rb8 (11... Re8 $5) 12. g4 (12. Bf3 $5 Re8
13. g4 Nxd4 14. Bxd4 e5 15. fxe5 dxe5 16. Ba7 Ra8 17. g5 Nxe4 $4 18. Bxe4 $1
Rxa7 19. Bxh7+ $1 Kxh7 20. Qh5+ Kg8 21. Qxf7+ Kh7 22. Qxe8 $18) (12. Qe1 $5)
12... Nxd4 $1 (12... Re8 $6 13. g5 Nd7 14. Bf3 $1 {Ivanchuk,V-Topalov,V/
Novgorod/1996/}) 13. Bxd4 e5 $1 14. fxe5 dxe5 15. Ba7 $1 Ra8 16. g5 Nxe4 $1 (
16... Rd8 17. Qe1 Ne8 18. Qf2 $1 $16 Rxa7 (18... Be6 19. Bb6 $16) 19. Qxf7+ Kh8
20. Qf8+ Bxf8 21. Rxf8#) (16... Rxa7 17. gxf6 Bxf6 18. Rxf6 gxf6 19. Qg1+ Kh8
20. Qxa7 $18) 17. Nxe4 Rxa7 18. Bd3 Be6 $2 (18... g6 $142) 19. Qh5 $1 Qc6 $6 (
19... Bd5 $5 20. Rf3 f5 21. gxf6 Bxf6 22. Rg1 g6) 20. Rf3 {[%cal Re4f6]} g6 21.
Qh6 Bg4 22. Rf6 $1 Qd5 (22... Be6 23. Kg1 Qb6+ 24. Kf1 Qxb2 25. Re1 $40) 23.
Raf1 Be2 $1 24. Re1 $1 Bh5 (24... Bxd3 25. cxd3 Qxd3 26. Rf2 Qd5 27. Kg1 f5 28.
gxf6 $18) 25. Kg1 Qd7 $1 26. Rf2 $2 (26. Ng3 $142 $1 Qd4+ (26... Bg4 27. Re4 b5
28. h3 $18) (26... Rd8 {/\.....Bf8} 27. Nxh5 Bf8 28. Rxg6+ fxg6 29. Nf6+ Kh8
30. Qxf8+ $1 Rxf8 31. Nxd7 Rf4 32. a5 $18) 27. Rf2 Qh4 (27... Bc5 28. Ne4) 28.
Rxe5 Bd6 29. Re4 $18) 26... Qg4+ 27. Kh1 (27. Rg2 $142 Qf4 $1 28. Rf1 Qe3+ 29.
Rgf2 b5 (29... f5 30. gxf6 Qxh6 31. fxe7 $16) 30. Kg2 Z0 31. Re1 Qxe1 32. Nf6+
Bxf6 33. gxf6 $18) 27... Qh4 $4 (27... Qh3 $142) 28. Kg1 $2 (28. Ref1 $142 b5 (
28... Bf3+ 29. Rxf3 Qxh6 30. gxh6 f5 31. Bc4+ Kh8 32. Nc3 $18) 29. Kg1 f5 30.
gxf6 $18) 28... Qg4+ 29. Kh1 $2 (29. Rg2) 29... Qh3 30. Kg1 (30. Ng3 $142)
30... Bg4 31. Nf6+ Bxf6 32. Qxh3 Bxh3 33. Rxf6 Re8 34. a5 Raa8 35. Re3 $4 (35.
Rf3 $1) 35... Bg4 36. Bc4 Re7 37. Bd5 Rd8 38. c4 Kg7 39. Rb6 Bc8 40. Kf2 h6 41.
h4 hxg5 42. hxg5 Rh8 43. Bf3 Rh2+ 44. Kg3 Rh3+ 45. Kf2 Rh4 46. Re4 Rh2+ 47. Kg3
Rh3+ 48. Kg2 Bf5 49. Re2 $1 e4 50. Bxe4 Rh5 $1 (50... Bxe4+ 51. Rxe4 (51. Kxh3
$4 Bf5+) 51... Rxe4 52. Kxh3 Rxc4 53. Rxb7 Rc5 54. b4 Rxg5 55. Rb6 Rh5+ 56. Kg3
Rg5+ 57. Kh3 $11) 51. Bf3 Rxe2+ 52. Bxe2 Rxg5+ 53. Kf2 Be4 54. b4 Rg2+ $1 55.
Ke3 f5 56. b5 g5 57. bxa6 bxa6 58. Rxa6 g4 $6 59. Re6 g3 60. Bf3 Bxf3 1/2-1/2